• 首页
  • 本馆介绍
  • 公告通知
  • 最新文献
  • 馆藏检索
  • 电子资源
  • 读者导购
  • 参考咨询
  • 我的图书馆
  • 登录
  • 详细信息显示
  • 放入我的书架
  • 预约/预借图书
  • 作者相关作品
  • 分类相关作品
  • 丛书相关作品
  • 出版社相关作品

书目信息

  • 表格格式
  • 工作单格式
  • 卡片格式
题名:
电影演员
    
 
作者: 纳卡什 著 ;李锐 , 王迪 译
分册:  
出版信息: 南京   江苏教育出版社  2007
页数: 315页
开本: 22m
丛书名: 电影馆
单 册:
中图分类: J912
科图分类:
主题词: 电影演员--研究 , 电影演员
电子资源:
ISBN: 978-7-5343-7861-4
000 01021nam0 2200313 450
000 01027nam0 2200313 450
000 00960nam0 2200289 450
000 00924nam0 2200277 45
005 20070515140516.92
010    @a978-7-5343-7861-4@dCNY29.00
100    @a20070307d2007 em y0chiy0120 ea
101 1  @achi@cfre
102    @aCN@b320000
105    @aa z 000yy
200 1  @a电影演员@Adian ying yan yuan@dL'acteur de Cinéma@f(法)纳卡什著@g李锐,王迪译@zfre
210    @a南京@c江苏教育出版社@d2007
215    @a315页@c图@d22m
225 2  @a电影馆
330    @a本书分8章:一个演员的诞生、电影理论、演员做什么、演员,电影导演:艺术家和模特、演员和人物、美国演员、真实的演员,非演员、演员与分析。
410  0 @12001 @a电影馆
510 1  @aL'acteur de Cinéma@zfre
606 0  @a电影演员@x研究
606 0  @a电影演员
690    @aJ912@v4
701  1 @c(法)@a纳卡什@Ana ka shi@4著
702  0 @a李锐@Ali rui@4译
702  0 @a王迪@Awang di@4译
801  0 @aCN@bTAOJIN@c20070515
905    @a10447@dJ912@e195
    
    电影演员=L'acteur de Cinéma/(法)纳卡什著/李锐,王迪译.-南京:江苏教育出版社,2007
    315页:图;22m.-(电影馆)
    
    
    ISBN 978-7-5343-7861-4:CNY29.00
    本书分8章:一个演员的诞生、电影理论、演员做什么、演员,电影导演:艺术家和模特、演员和人物、美国演员、真实的演员,非演员、演员与分析。
●
相关链接 在E读中查询图书 在五车中查询图书 在当当中查询图书 在豆瓣中查询图书


正题名:电影演员     索取号:J912/195         预约/预借

序号 登录号 条形码 馆藏地/架位号 状态 备注
1 0520295   205202957   第一样本阅览室/ [索取号:J912/195] 在馆    
2 0520296   205202966   第一借阅区/ [索取号:J912/195] 在馆    
3 0520297   205202975   第一借阅区/ [索取号:J912/195] 在馆    
4 0520298   205202984   第一借阅区/ [索取号:J912/195] 在馆    
5 0520299   205202993   第一借阅区/ [索取号:J912/195] 在馆    
6 0520300   205203000   第一借阅区/ [索取号:J912/195] 在馆    
7 0520301   205203019   第一借阅区/ [索取号:J912/195] 在馆    
8 0520302   205203028   第一借阅区/ [索取号:J912/195] 在馆    
唐山师范学院图书馆 欢迎您!
大连网信软件有限公司© 版权所有